| 000 | 01025nam a22002295i 4500 | ||
|---|---|---|---|
| 001 | 163790 | ||
| 003 | ES-MaACL | ||
| 005 | 20250930063144.0 | ||
| 008 | 050718m19001903sp | |||||||| ||spa d | ||
| 040 |
_aCAM _bspa _cCAM |
||
| 100 | 1 |
_aOrtiz del Barco, Juan, _d1859-1914 _987611 |
|
| 245 | 1 | 0 |
_aCartas marítimas / _cpor Juan Ortiz del Barco. |
| 260 |
_a[S.l. : _bs.n., _cs.a.] |
||
| 300 |
_a1 v. (pág. var.) ; _c22 cm. |
||
| 500 | _aPrefacio fechado en 1900. | ||
| 594 | _aJuan Ortiz del Barco es seud. de Manuel Rodríguez Martín. | ||
| 596 | _aParece que es la ed. que describe Palau impresa en Covadonga: en la imp. particular del autor, 1900-1903. | ||
| 597 | _aSon 8 folletos: I (12 p.), II (12 p.), III (19 p.), V (31 p.), VII (30 p.), VIII (41 p.), IX (58 p.), XIII (44 p.) | ||
| 650 | 4 |
_aMarina de guerra- _zEspaña. _9136467 |
|
| 852 |
_aES-MaACL _jT-1017-F-4 _z-- Enc. hol. _q-- Falto de port.? _qFaltan los folletos IV, VI, X-XII y XIV _z-- Enc. en un vol. facticio |
||
| 999 |
_c163790 _d163790 |
||